<?xml version="1.0" encoding="UTF-8"?><?xml-stylesheet type="text/xsl" href="static/style.xsl"?><OAI-PMH xmlns="http://www.openarchives.org/OAI/2.0/" xmlns:xsi="http://www.w3.org/2001/XMLSchema-instance" xsi:schemaLocation="http://www.openarchives.org/OAI/2.0/ http://www.openarchives.org/OAI/2.0/OAI-PMH.xsd"><responseDate>2026-04-27T20:09:24Z</responseDate><request verb="GetRecord" identifier="oai:uvadoc.uva.es:10324/54976" metadataPrefix="marc">https://uvadoc.uva.es/oai/request</request><GetRecord><record><header><identifier>oai:uvadoc.uva.es:10324/54976</identifier><datestamp>2022-09-06T19:01:24Z</datestamp><setSpec>com_10324_38</setSpec><setSpec>col_10324_852</setSpec></header><metadata><record xmlns="http://www.loc.gov/MARC21/slim" xmlns:doc="http://www.lyncode.com/xoai" xmlns:xsi="http://www.w3.org/2001/XMLSchema-instance" xmlns:dcterms="http://purl.org/dc/terms/" xsi:schemaLocation="http://www.loc.gov/MARC21/slim http://www.loc.gov/standards/marcxml/schema/MARC21slim.xsd">
<leader>00925njm 22002777a 4500</leader>
<datafield tag="042" ind1=" " ind2=" ">
<subfield code="a">dc</subfield>
</datafield>
<datafield tag="720" ind1=" " ind2=" ">
<subfield code="a">Talegón de la Fuente, Ernesto Manuel</subfield>
<subfield code="e">author</subfield>
</datafield>
<datafield tag="260" ind1=" " ind2=" ">
<subfield code="c">2022</subfield>
</datafield>
<datafield tag="520" ind1=" " ind2=" ">
<subfield code="a">El ictus representa una de las principales causas de morbimortalidad en nuestro medio. Hasta un 40% de los pacientes con ictus de origen indeterminado presentan realmente fibrilación auricular (FA) paroxística oculta como causa del mismo, por lo que, si no es detectada, llevarán un tratamiento insuficiente para la prevención de la recurrencia del mismo. Nos proponemos evaluar la capacidad del nuevo sistema Holter SRA de incrementar la detección intrahospitalaria de FA oculta frente al método convencional en esta población, así como conocer la estimación del riesgo de FA oculta en pacientes evaluados con él.</subfield>
</datafield>
<datafield tag="024" ind2=" " ind1="8">
<subfield code="a">https://uvadoc.uva.es/handle/10324/54976</subfield>
</datafield>
<datafield ind1=" " ind2=" " tag="653">
<subfield code="a">Inteligencia artificial</subfield>
</datafield>
<datafield ind1=" " ind2=" " tag="653">
<subfield code="a">Corazón - Enfermedades</subfield>
</datafield>
<datafield tag="245" ind1="0" ind2="0">
<subfield code="a">Eficacia de un nuevo sistema de detección automática de fibrilación auricular oculta, basado en inteligencia artificial, en pacientes con ictus criptogénico</subfield>
</datafield>
</record></metadata></record></GetRecord></OAI-PMH>